Welcome to the Holygrace Academy Library

Please use search bar below to get started

SWAMI VIVEKANANDANTE RASHTRATHODULLA AHWANAM (Record no. 9062)

MARC details
000 -LEADER
fixed length control field 00409nam a22001337a 4500
082 ## - DEWEY DECIMAL CLASSIFICATION NUMBER
Classification number 894.812
Item number SRE/S
100 ## - MAIN ENTRY--AUTHOR NAME
Personal name SREE RAMAKRISHNA MADAM
245 ## - TITLE STATEMENT
Title SWAMI VIVEKANANDANTE RASHTRATHODULLA AHWANAM
246 ## - VARYING FORM OF TITLE
Title proper/short title SWAMI VIVEKANANDANTE RASHTRATHODULLA AHWANAM
Remainder of title SWAMI VIVEKANANDANTE RASHTRATHODULLA AHWANAM
260 ## - PUBLICATION, DISTRIBUTION, ETC. (IMPRINT)
Place of publication THRISSUR
Name of publisher PRABUDHA KERALAM
Year of publication 2005
300 ## - PHYSICAL DESCRIPTION
Number of Pages 100
650 ## - SUBJECT ADDED ENTRY--TOPICAL TERM
Topical Term MALAYALAM
942 ## - ADDED ENTRY ELEMENTS (KOHA)
Koha item type Books
Holdings
Withdrawn status Lost status Collection code Home library Current library Shelving location Date acquired Source of acquisition Cost, normal purchase price Full call number Accession Number Koha item type
    Non-fiction Main Library Main Library NEW SHELF WITH NEW ENTRY 06/02/2025 COTRIBUTION 10.00 894.812 SRE/S 13787 Books